Państwa nad Morzem Czerwonym z mapą - Statystyki

Ogólne statystyki
  • Ten quiz został rozwiązany 1 665 razy
  • Średni wynik to 7 z 8
Odpowiedzi na mapie
Odpowiedzi zakodowano w zielono-czerwonej skali na mapie do tego quizu, zgodnie z poniższymi procentami.
 
Statystyki odpowiedzi
Państwo % Poprawnych
Egipt
99%
Arabia Saudyjska
97%
Izrael
94%
Jemen
93%
Sudan
91%
Jordania
88%
Erytrea
83%
Dżibuti
76%
Nie znaleziono quizów pasujących do podanych kryteriów
Rozkład punktacji
Procent ludzi z każdym wynikiem
Percentyl według liczby udzielonych odpowiedzi
Twoja historia wyników
Nie rozwiązałeś tego quizu